LEADER 00871nam0 2200277 450 001 000016315 005 20181016120433.0 010 $a88-14-01809-X 100 $a20080918d1989----km-y0itay50------ba 101 0 $aita 102 $aIT 105 $ay---j---001yy 200 1 $aCredito fondiario e edilizio$emanuale teorico-pratico$fCesare Moglie 205 $a2. ed. aggiornata e aumentata 210 $aMilano$cA. Giuffrè$d1989 215 $a691 p.$d22 cm 610 1 $aCredito fondiario$aLegislazione 610 1 $aCredito edilizio$aLegislazione 676 $a332.7$9Credito 676 $a346.4504364$v19$9Diritto privato. Ipoteche. Italia 700 1$aMoglie,$bCesare$0106295 801 0$aIT$bUNIPARTHENOPE$c20080918$gRICA$2UNIMARC 912 $a000016315 951 $a332.7/105$b29127$cNAVA4 996 $aCredito fondiario e edilizio$963130 997 $aUNIPARTHENOPE LEADER 00976nam a22002655a 4500 001 991000979559707536 008 101201s2010 nyu 000 0 eng d 020 $a9783642104909 (hardcover) 035 $ab13941343-39ule_inst 040 $aDip.to Fisica$beng 082 04$a530.44$222 084 $aLC QC718 084 $a53.6.5 100 1 $aPiel, Alexander$0474032 245 10$aPlasma physics :$ban introduction to laboratory, space, and fusion plasmas /$cAlexander Piel 260 $aBerlin ;$aLondon :$bSpringer,$cc2010 300 $axviii, 398 p. :$bill 504 $aIncludes bibliographical references (p. 379-387) and index 650 0$aPlasma (Ionized gases) 907 $a.b13941343$b28-01-14$c01-12-10 912 $a991000979559707536 945 $aLE006 53.6.5 PIE$g1$i2006000165297$lle006$op$pE62.35$q-$rl$s- $t0$u0$v0$w0$x0$y.i1520473x$z01-12-10 996 $aPlasma physics$9251201 997 $aUNISALENTO 998 $ale006$b01-12-10$cm$da $e-$feng$gnyu$h0$i0 LEADER 01999nam 2200589Ia 450 001 9910700149803321 005 20110916161329.0 035 $a(CKB)5470000002407469 035 $a(OCoLC)753007810 035 $a(EXLCZ)995470000002407469 100 $a20110916d2010 ua 0 101 0 $aeng 135 $aurcn||||||||| 181 $ctxt$2rdacontent 182 $cc$2rdamedia 183 $acr$2rdacarrier 200 00$aOptimizing air transportation service to metroplex airports$b[electronic resource] /$fGeorge Donohue ... [and others] 210 1$aHampton, Va. :$cNational Aeronautics and Space Administration, Langley Research Center,$d[2010] 215 $a1 online resource (2 volumes) $ccolor illustrations 225 1 $aNASA/CR ;$v2010-216860, 2010-216861 300 $aTitle from title screen (viewed on Sept. 16, 2011). 300 $a"October 2010." 320 $aIncludes bibliographical references. 327 $apt 1. Analysis of historical data--pt. 2. Analysis using the airline schedule optimization model (ASOM) 606 $aAirline operations$2nasat 606 $aCosts$2nasat 606 $aAir transportation$2nasat 606 $aCivil aviation$2nasat 606 $aCommercial aircraft$2nasat 606 $aEconomics$2nasat 606 $aDecision making$2nasat 606 $aData systems$2nasat 606 $aAirports$2nasat 606 $aOperating costs$2nasat 615 7$aAirline operations. 615 7$aCosts. 615 7$aAir transportation. 615 7$aCivil aviation. 615 7$aCommercial aircraft. 615 7$aEconomics. 615 7$aDecision making. 615 7$aData systems. 615 7$aAirports. 615 7$aOperating costs. 701 $aDonohue$b George$01392878 712 02$aLangley Research Center. 801 0$bGPO 801 1$bGPO 906 $aBOOK 912 $a9910700149803321 996 $aOptimizing air transportation service to metroplex airports$93448367 997 $aUNINA